| 000 | 01258nam a2200313 a 4500 | ||
|---|---|---|---|
| 003 | DO-SdBNP | ||
| 005 | 20220321133309.0 | ||
| 007 | ta | ||
| 008 | 210709e2018 dr a|||grc||| 00| 0 spa d | ||
| 040 |
_aDo-SdBNP _bspa _cBNPHU |
||
| 041 |
_dspa _deng _hspa |
||
| 082 | 4 |
_222 _bT266j |
|
| 100 | 1 |
_944123 _aTejada, Julio _d1971 - |
|
| 245 | 1 | 0 |
_aJuegos de transparencias / _cJulio Tejada ; Textos y coordinación, Marianne de Tolentino, José Rafael Vargas, Julio Tejada; Fotografías, Julio Fernández, ; Traductora, Clara Engelmann . |
| 260 |
_aSanto Domingo : _bGalería Nacional de Bellas Artes, _c2018 |
||
| 300 |
_a[37] p. : _bil.; _c23 cm. |
||
| 500 | _aIncluye datos biográficos del autor en inglés, p. [39], en español, p.[40] | ||
| 546 | _aLibro con traducción al inglés. | ||
| 590 | _aInventariado 2021/MF | ||
| 600 | 4 |
_981351 _aTejada, Julio _d1971 |
|
| 650 | 4 |
_9369 _aArte dominicano _vCatálogos |
|
| 650 | 4 |
_9368 _aPintura dominicana _vCatálogos |
|
| 700 | 1 |
_973333 _aTolentino, Marianne de, _d1951- _etextos y coord. |
|
| 700 | 1 |
_aVargas, José Rafael, _etexto _923148 _d1956- |
|
| 700 | 1 |
_aTejada, Julio _etexto _981351 |
|
| 700 | 1 |
_aFernández , Julio , _efotogr. _979174 |
|
| 700 | 1 |
_aEngelmann , Clara _etrad. _979175 |
|
| 942 |
_2ddc _cLBS1 |
||
| 999 |
_c50084 _d50084 |
||